[Event "2024 British Rapidplay Championship"]
[Site "Holiday Inn Peterborough - West"]
[Date "2024.03.02"]
[Round "6.40"]
[White "Lim, Mark"]
[Black "Brett, Andrew R"]
[Result "0-1"]
[WhiteFideId "417734"]
[BlackFideId "416460"]
[WhiteElo "1835"]
[BlackElo "2119"]
[EventDate "2024.03.02"]

1. Nf3 d6 2. d4 g6 3. c4 Bg7 4. e4 Nf6 5. Nc3 O-O 6. Be2 Nbd7 7. O-O e5 8. d5 Nc5
9. Qc2 a5 10. Bg5 h6 11. Be3 b6 12. Nd2 Ng4 13. Bxg4 Bxg4 14. a3 Na6 15. Rab1 Bd7
16. b4 axb4 17. axb4 f5 18. f3 g5 19. c5 bxc5 20. bxc5 Nxc5 21. Bxc5 dxc5 22. Nc4
g4 23. fxg4 f4 24. d6 Bxg4 25. dxc7 Qd4+ 26. Kh1 Qxc4 27. Qd2 f3 28. gxf3 Bxf3+ 29.
Rxf3 Rxf3 30. Qd8+ Kh7 31. c8=Q Rf1+ 32. Kg2 Ra2+ 33. Kg3 Qxc3+ 34. Kg4 Rf4+ 35.
Kh5 Rxh2+ 36. Qh3 Rxh3+ 37. Qh4 Qf3# 0-1

[Event "2024 British Rapidplay Championship"]
[Site "Holiday Inn Peterborough - West"]
[Date "2024.03.02"]
[Round "6.41"]
[White "Williams, Ana"]
[Black "Iyengar, Ilya"]
[Result "0-1"]
[WhiteFideId "343419771"]
[BlackFideId "405949"]
[WhiteElo "1804"]
[BlackElo "1951"]
[EventDate "2024.03.02"]

1. e4 c5 2. Nf3 e6 3. c4 Nc6 4. Nc3 Nf6 5. d4 cxd4 6. Nxd4 Qb6 7. Ndb5 Bc5 8. Na4
Bb4+ 9. Bd2 Qa5 10. Nac3 a6 11. Na3 Bxa3 12. bxa3 Qxa3 13. Be2 O-O 14. O-O Rd8 15.
Rb1 d5 16. Rb3 Qe7 17. exd5 exd5 18. cxd5 Nd4 19. Be3 Nxb3 20. Qxb3 b5 21. Bf3 Bb7
22. Rd1 Rac8 23. Bb6 Rd6 24. Be3 Qd8 25. Bf4 Rd7 26. g4 h6 27. g5 hxg5 28. Bxg5 Qb6
29. Kh1 Qxf2 30. Bg2 Qf5 31. h4 Ng4 32. Rf1 Qe5 33. Bf4 Qxc3 34. Qd1 Ne3 35. Bxe3
Qxe3 36. Qg4 Rcd8 37. Rf3 Qe1+ 38. Rf1 Qe5 39. Rf5 Qa1+ 40. Kh2 Qxa2 41. h5 Bxd5
42. h6 Qxg2+ 0-1

[Event "2024 British Rapidplay Championship"]
[Site "Holiday Inn Peterborough - West"]
[Date "2024.03.02"]
[Round "6.42"]
[White "Repasi, Zoltan"]
[Black "Hu, Junyan"]
[Result "1-0"]
[WhiteFideId "724602"]
[BlackFideId "343401260"]
[WhiteElo "2097"]
[BlackElo "1611"]
[EventDate "2024.03.02"]

1. d4 Nf6 2. c4 e6 3. Nf3 d5 4. Nc3 dxc4 5. e4 Bb4 6. Bxc4 Nxe4 7. O-O Nf6 8. Qa4+
Nc6 9. Ne5 Bd6 10. Nxc6 bxc6 11. Qxc6+ Bd7 12. Qf3 h6 13. d5 O-O 14. dxe6 Bxe6 15.
Bxe6 fxe6 16. Ne4 Nxe4 17. Qxe4 Qf6 18. Rb1 Rab8 19. b4 Rbd8 20. Be3 Qf5 21. Qxf5
exf5 22. f3 Rfe8 23. Rfe1 f4 24. Bf2 Rxe1+ 25. Bxe1 Re8 26. Kf1 Rb8 27. Bc3 a5 28.
b5 a4 29. Bd4 Kf7 30. Ke2 g6 31. Kd3 Rd8 32. Kc4 g5 33. Re1 Ra8 34. Re4 a3 35. Kd5
Rb8 36. Kc6 Ra8 37. b6 Rc8 38. b7 Rd8 39. Ba7 Kf6 40. b8=Q Rxb8 41. Bxb8 Kf7 42.
Bxc7 Bxc7 43. Kxc7 Kf6 44. Kd6 h5 45. h3 h4 46. Kc5 Kf5 47. Kb4 g4 48. hxg4+ Kg5
49. Re5+ Kf6 50. Rf5+ Kg6 51. Kxa3 h3 52. gxh3 Kh6 53. Kb4 Kh7 54. a4 Kg7 55. a5
Kg6 56. a6 Kh6 57. a7 Kh7 58. a8=Q Kg6 59. Qg8+ Kh6 60. Rh5# 1-0

[Event "2024 British Rapidplay Championship"]
[Site "Holiday Inn Peterborough - West"]
[Date "2024.03.02"]
[Round "6.43"]
[White "He, Tom Junde"]
[Black "Gevorgyan, Albert"]
[Result "1-0"]
[WhiteFideId "488810"]
[BlackFideId "13323946"]
[WhiteElo "1922"]
[BlackElo "1899"]
[EventDate "2024.03.02"]

1. Nf3 d5 2. d4 Nf6 3. c4 c6 4. Qb3 e6 5. g3 Be7 6. Bg2 O-O 7. O-O Nbd7 8. Rd1 Qc7
9. Nc3 dxc4 10. Qxc4 e5 11. e4 exd4 12. Bf4 Bd6 13. Nb5 cxb5 14. Qxc7 Bxc7 15. Bxc7
Nxe4 16. Nxd4 Ndf6 17. Nxb5 b6 18. Nd6 Nxd6 19. Bxd6 Bf5 20. Bxf8 Rxf8 21. Rac1 Be6
22. b3 a5 23. Rc6 Rb8 24. Rxb6 1-0

[Event "2024 British Rapidplay Championship"]
[Site "Holiday Inn Peterborough - West"]
[Date "2024.03.02"]
[Round "6.44"]
[White "Garnett, John S"]
[Black "Kaushik, Madhav"]
[Result "1/2-1/2"]
[WhiteFideId "410829"]
[BlackFideId "499986"]
[WhiteElo "1950"]
[BlackElo "1559"]
[EventDate "2024.03.02"]

1. d4 Nf6 2. Bg5 d5 3. e3 c5 4. Bxf6 gxf6 5. c4 cxd4 6. Qxd4 Nc6 7. Qd2 d4 8. exd4
Qxd4 9. Nf3 Qxd2+ 10. Nbxd2 Bf5 11. a3 a5 12. Be2 e5 13. O-O Be7 14. Rfd1 O-O 15.
Nf1 Rfd8 16. Ne3 Be6 17. Nd5 Kf8 18. Rd2 e4 19. Ne1 f5 20. Rad1 Bg5 1/2-1/2

[Event "2024 British Rapidplay Championship"]
[Site "Holiday Inn Peterborough - West"]
[Date "2024.03.02"]
[Round "6.46"]
[White "Manavalan, Keerthi Kumar"]
[Black "Pickard, Charles"]
[Result "0-1"]
[WhiteFideId "343412661"]
[BlackFideId "470880"]
[WhiteElo "1559"]
[BlackElo "2190"]
[EventDate "2024.03.02"]

1. e4 c5 2. Nf3 e6 3. d4 cxd4 4. Nxd4 Nf6 5. f3 Nc6 6. Be3 d5 7. Nxc6 bxc6 8. exd5
exd5 9. Be2 Bd6 10. O-O O-O 11. c3 Re8 12. Bf2 Nh5 13. Re1 Bd7 14. Nd2 Nf4 15. Bf1
Qg5 16. Bg3 Rxe1 17. Qxe1 Re8 18. Qf2 h5 19. Nb3 h4 20. Bxf4 Bxf4 21. Kh1 Bd6 22.
Re1 Rxe1 23. Qxe1 Qf4 24. g3 Qxf3+ 25. Bg2 Qg4 26. h3 Qxg3 27. Qxg3 hxg3 28. Kg1
f5 29. Kf1 Kf7 30. Ke2 Kf6 31. Nd4 g5 32. Kf3 f4 33. Bf1 Ke5 34. Nc2 Bf5 35. Nb4
Be4+ 36. Kg4 Bxb4 37. cxb4 g2 38. Bxg2 Bxg2 39. Kxg5 Bxh3 40. a4 d4 0-1

[Event "2024 British Rapidplay Championship"]
[Site "Holiday Inn Peterborough - West"]
[Date "2024.03.02"]
[Round "6.47"]
[White "Kryshtafor, Maksym"]
[Black "Frostick, Clive A"]
[Result "0-1"]
[WhiteFideId "34129227"]
[BlackFideId "411302"]
[WhiteElo "1660"]
[BlackElo "2162"]
[EventDate "2024.03.02"]

1. e4 c5 2. Nf3 Nf6 3. e5 Nd5 4. c4 Nb4 5. Be2 g6 6. O-O Bg7 7. Nc3 N8c6 8. a3 Na6
9. d3 Nc7 10. Bf4 Ne6 11. Bg3 b6 12. Qd2 Bb7 13. Rfe1 O-O 14. Nd5 Ncd4 15. Bh4 Re8
16. Nxd4 Nxd4 17. Bd1 Bxd5 18. cxd5 Qc7 19. Bxe7 Bxe5 20. d6 Bxd6 21. Bxd6 Qxd6 22.
Rxe8+ Rxe8 23. b4 Qf4 24. Qc3 Nb5 25. Qc4 Re1# 0-1

[Event "2024 British Rapidplay Championship"]
[Site "Holiday Inn Peterborough - West"]
[Date "2024.03.02"]
[Round "6.48"]
[White "Zhao, George"]
[Black "Cheng, Louis"]
[Result "1-0"]
[WhiteFideId "494607"]
[BlackFideId "2410389"]
[WhiteElo "1909"]
[BlackElo "1840"]
[EventDate "2024.03.02"]

1. d4 Nf6 2. Nf3 g6 3. g3 Bg7 4. Bg2 O-O 5. O-O d5 6. Nbd2 c6 7. c4 dxc4 8. Nxc4
Bf5 9. b3 Nbd7 10. Bb2 Ne4 11. Nh4 b5 12. Nxf5 gxf5 13. Nd2 Ndf6 14. Rc1 Rc8 15.
e3 Qb6 16. Nxe4 fxe4 17. Qc2 Qa5 18. Ra1 Rfd8 19. Bxe4 c5 20. Qb1 c4 21. bxc4 bxc4
22. Bf3 c3 23. Bc1 Rd6 24. Qc2 Nd5 25. Bxd5 Qxd5 26. Ba3 Rd7 27. Rfc1 e5 28. dxe5
Qxe5 29. Rd1 Rxd1+ 30. Rxd1 Qa5 31. Qb3 c2 32. Rc1 Qf5 33. Qa4 h6 34. Kg2 Qd5+ 35.
Kg1 Qxa2 36. Qxa7 Rd8 37. Qc5 1-0

[Event "2024 British Rapidplay Championship"]
[Site "Holiday Inn Peterborough - West"]
[Date "2024.03.02"]
[Round "6.49"]
[White "Kovalskyi, Roman"]
[Black "Pelling, Kyle"]
[Result "1-0"]
[WhiteFideId "14184214"]
[BlackFideId "462942"]
[WhiteElo "1983"]
[BlackElo "1818"]
[EventDate "2024.03.02"]

1. e4 g6 2. d4 Bg7 3. Nc3 c5 4. dxc5 Bxc3+ 5. bxc3 Qa5 6. Ne2 Nf6 7. e5 Ne4 8. Qd5
f5 9. exf6 Nxf6 10. Qg5 Na6 11. Be3 O-O 12. h4 Nc7 13. h5 Ne6 14. Qg3 Ne4 15. Qe5
N4xc5 16. Qd5 Rf5 17. Qc4 d5 18. Qg4 Rf6 19. hxg6 Rxg6 20. Qh5 Rg7 21. Bd4 Nxd4 22.
Qe8# 1-0

[Event "2024 British Rapidplay Championship"]
[Site "Holiday Inn Peterborough - West"]
[Date "2024.03.02"]
[Round "6.50"]
[White "Mylovanov, Volodymyr"]
[Black "Rich, Ben S"]
[Result "0-1"]
[WhiteFideId "34184732"]
[BlackFideId "490431"]
[WhiteElo "1877"]
[BlackElo "1918"]
[EventDate "2024.03.02"]

1. d4 c5 2. Nf3 Nf6 3. c3 e6 4. g3 b5 5. Bg2 Bb7 6. O-O Qc7 7. Bf4 d6 8. Nbd2 Nbd7
9. Rc1 Be7 10. dxc5 Nxc5 11. Nb3 Qb6 12. Nxc5 dxc5 13. Qc2 Nd5 14. Bg5 f6 15. Bd2
O-O 16. e4 Nc7 17. Rcd1 Rfd8 18. Be3 Qc6 19. Nd2 e5 20. f3 c4 21. Bh3 Rd3 22. Rfe1
Rad8 23. Nf1 Bc5 24. Kg2 Bxe3 25. Nxe3 Qd6 26. Rxd3 Qxd3 27. Qxd3 Rxd3 28. Kf2 Kf7
29. Rd1 Rxd1 30. Nxd1 Na6 31. Bd7 Nc7 32. a4 a6 33. axb5 axb5 34. Ne3 Ke7 35. Bh3
g6 36. Nc2 Na6 37. Na3 Bc6 38. Bc8 Nc5 39. Ke3 Kd6 40. Bh3 Kc7 41. Nc2 Nd3 42. Bf1
Nxb2 43. Kd2 Na4 44. Nb4 Kd6 45. Be2 f5 46. exf5 gxf5 47. g4 e4 48. fxe4 Bxe4 49.
gxf5 Bxf5 50. h4 h6 51. Bf3 Nc5 52. Ke3 Nd3 53. Nc6 Ne5 54. Nd4 Bd7 55. Be2 Kc5 56.
Ke4 Nc6 57. Nxc6 Bxc6+ 58. Kf5 Be8 59. Kf6 b4 60. cxb4+ Kxb4 61. h5 c3 62. Bd3 Bxh5
63. Kg7 Be2 64. Bc2 h5 0-1

[Event "2024 British Rapidplay Championship"]
[Site "Holiday Inn Peterborough - West"]
[Date "2024.03.02"]
[Round "6.51"]
[White "Sisupalan, Beni"]
[Black "Walton, Alan J"]
[Result "1/2-1/2"]
[WhiteFideId "494585"]
[BlackFideId "409898"]
[WhiteElo "1756"]
[BlackElo "2063"]
[EventDate "2024.03.02"]

1. e4 e6 2. d4 d5 3. Nc3 Nf6 4. e5 Nfd7 5. Nce2 c5 6. c3 b5 7. Ng3 b4 8. Nf3 Nc6
9. Bd3 bxc3 10. bxc3 cxd4 11. cxd4 Qa5+ 12. Bd2 Bb4 13. a3 Bxd2+ 14. Qxd2 Qxd2+ 15.
Kxd2 Na5 16. Rab1 Nb6 17. Ke2 O-O 18. Nd2 f6 19. f4 Bd7 20. Rhc1 Rfc8 21. Ba6 Rxc1
22. Rxc1 Bc8 23. Bxc8 Rxc8 24. Rxc8+ Nxc8 25. Kd3 Nb6 26. Kc3 Nc6 27. Ne2 Kf7 28.
g4 Ke7 1/2-1/2

[Event "2024 British Rapidplay Championship"]
[Site "Holiday Inn Peterborough - West"]
[Date "2024.03.02"]
[Round "6.52"]
[White "Baer, Bruce L"]
[Black "De Silva, Sithun"]
[Result "1-0"]
[WhiteFideId "488801"]
[BlackFideId "343419925"]
[WhiteElo "1918"]
[BlackElo "1737"]
[EventDate "2024.03.02"]

1. d3 Nf6 2. Nf3 d5 3. g3 g6 4. Bg2 Bg7 5. O-O O-O 6. Nbd2 b6 7. e4 dxe4 8. dxe4
Bb7 9. e5 Nfd7 10. e6 fxe6 11. Ng5 Bxg2 12. Nxe6 Qc8 13. Kxg2 Rf6 14. Nxg7 Kxg7 15.
Ne4 Qb7 16. f3 Rc6 17. b4 Rc4 18. Bb2+ e5 19. Qd3 Qc6 20. Rf2 Na6 21. Rd1 Nab8 22.
a3 a5 23. Qd5 axb4 24. Bxe5+ Kf8 25. Qxc6 Rxc6 26. f4 bxa3 27. Ba1 Ra4 28. Ng5 h6
29. Nf3 Rac4 30. Nd4 Nc5 31. Nxc6 Nxc6 32. f5 g5 33. f6 Nb4 34. f7 Nb7 35. Bg7+ 1-0

[Event "2024 British Rapidplay Championship"]
[Site "Holiday Inn Peterborough - West"]
[Date "2024.03.02"]
[Round "6.53"]
[White "Milewska, Agnieszka"]
[Black "Green, Michael"]
[Result "1-0"]
[WhiteFideId "1196391"]
[BlackFideId "437514"]
[WhiteElo "1823"]
[BlackElo "1894"]
[EventDate "2024.03.02"]

1. d4 Nf6 2. c4 c5 3. Nf3 cxd4 4. Qxd4 Nc6 5. Qd1 d5 6. cxd5 Qxd5 7. Qxd5 Nxd5 8.
e4 Ndb4 9. Na3 Bg4 10. Nd2 O-O-O 11. f3 Bh5 12. Bb5 Nd3+ 13. Bxd3 Rxd3 14. O-O e5
15. Nac4 Bc5+ 16. Kh1 b5 17. Na3 Bxa3 18. bxa3 Rhd8 19. Nb3 Nd4 20. Bb2 Nxb3 21.
axb3 f6 22. Rac1+ Kb7 23. b4 Bf7 24. h4 Bc4 25. Rf2 h5 26. a4 a6 27. axb5 axb5 28.
Kh2 Ra8 29. Ra1 Rxa1 30. Bxa1 Ra3 31. Bb2 Rb3 32. Rd2 Rxb4 33. Ba3 Rb3 34. Bf8 Bd3
35. Bxg7 Kc6 36. Bxf6 Kd6 37. Bd8 Kc5 38. Bc7 Kd4 39. Ra2 Bc4 40. Ra8 b4 41. Rd8+
Ke3 42. Bxe5 Rb1 43. Bd4+ Ke2 44. e5 b3 45. Rb8 Kd3 46. Bc5 Kc2 47. f4 b2 48. Bd4
Bb3 49. Bxb2 Kxb2 50. f5 Re1 51. e6 Kc3 52. Rd8 Bxe6 53. Re8 Re5 54. fxe6 Kd4 55.
e7 Ke4 56. Kg3 Re6 57. Rh8 Rxe7 58. Rxh5 Ra7 59. Rb5 Ra3+ 60. Kg4 Ra4 61. h5 Ke3+
62. Kg5 Kf2 63. g4 Kg3 64. Rb3+ Kg2 65. h6 Ra5+ 66. Kh4 Ra2 67. g5 Kh2 68. Kh5 Ra6
69. h7 Ra1 70. h8=Q Rh1 71. Kg6+ Kg2 72. Rb2+ Kg1 73. Rb1+ Kf2 74. Rxh1 Kg3 75. Qh4+
Kf3 76. Rh3+ Kg2 77. Qg3+ Kf1 78. Qa3 Kg2 79. Rb3 Kf2 80. Rb2+ Ke1 81. Qa1# 1-0

[Event "2024 British Rapidplay Championship"]
[Site "Holiday Inn Peterborough - West"]
[Date "2024.03.02"]
[Round "6.54"]
[White "Kairat, Alexander"]
[Black "Pang, Ethan"]
[Result "0-1"]
[WhiteFideId "498629"]
[BlackFideId "496995"]
[WhiteElo "1723"]
[BlackElo "1887"]
[EventDate "2024.03.02"]

1. e4 c5 2. Nf3 Nc6 3. d4 cxd4 4. Nxd4 g6 5. Nc3 Bg7 6. Be3 Nf6 7. Nxc6 bxc6 8. Bc4
d6 9. Bb3 O-O 10. O-O Bb7 11. f4 d5 12. e5 Nd7 13. Na4 Qa5 14. Qe1 Qxe1 15. Raxe1
e6 16. Bc5 Rfe8 17. g4 Bf8 18. Bxf8 Rxf8 19. f5 c5 20. c3 Rac8 21. Kf2 Ba6 22. Rg1
Bd3 23. Ke3 c4 24. Bd1 Nxe5 25. Kd2 Be4 26. b3 Rfe8 27. f6 Red8 28. Nb2 cxb3 29.
axb3 h6 30. Rg3 Rd6 31. h4 Nc6 32. g5 h5 33. Rgg1 Ne5 34. Rg3 Nc6 35. Rgg1 Ne5 36.
Rg3 Rb8 37. Rh3 Nc4+ 38. Nxc4 dxc4+ 39. Kc1 cxb3 40. Rh2 Bf5 41. Kb2 Ra6 42. Bxb3
Rab6 43. Ka2 Rxb3 44. Rd1 Bb1+ 45. Rxb1 Rxb1 46. Rd2 R1b6 0-1

[Event "2024 British Rapidplay Championship"]
[Site "Holiday Inn Peterborough - West"]
[Date "2024.03.02"]
[Round "6.55"]
[White "Jacklin, Sam"]
[Black "Herring, Sam AC"]
[Result "0-1"]
[WhiteFideId "343414850"]
[BlackFideId "429767"]
[WhiteElo "1723"]
[BlackElo "1895"]
[EventDate "2024.03.02"]

1. d4 d5 2. c4 e6 3. Nf3 Nf6 4. g3 dxc4 5. Bg2 c5 6. O-O Nc6 7. dxc5 Qxd1 8. Rxd1
Bxc5 9. Nbd2 c3 10. bxc3 O-O 11. Nb3 Be7 12. Nfd4 Bd7 13. Be3 Rfd8 14. Nb5 Ne5 15.
Nxa7 Nc4 16. Rxd7 Rxd7 17. Nb5 Nxe3 18. fxe3 Nd5 19. Bxd5 exd5 20. N3d4 Ra4 21. a3
Rd8 22. Kf2 g6 23. Nc2 f5 24. Nb4 Kf7 25. Nc7 Bxb4 26. cxb4 d4 27. exd4 Rxd4 28.
Nb5 Rdxb4 29. axb4 Rxa1 30. Nd6+ Ke7 31. Nxb7 Rb1 32. Nc5 Rxb4 33. Nd3 Ra4 34. Kf3
Kf6 35. h4 h6 36. Nf4 Ra3+ 37. Nd3 g5 38. hxg5+ hxg5 39. Ke3 Ke6 40. Kd4 0-1

[Event "2024 British Rapidplay Championship"]
[Site "Holiday Inn Peterborough - West"]
[Date "2024.03.02"]
[Round "6.56"]
[White "Railwani, Tavish"]
[Black "Young, Daniel J"]
[Result "0-1"]
[WhiteFideId "2410249"]
[BlackFideId "425184"]
[WhiteElo "1714"]
[BlackElo "1921"]
[EventDate "2024.03.02"]

1. e4 c5 2. Nf3 d6 3. d4 cxd4 4. Nxd4 Nf6 5. Nc3 a6 6. Be2 e5 7. Nb3 Be7 8. Be3 Be6
9. Nd5 Bxd5 10. exd5 O-O 11. O-O b5 12. f3 Nbd7 13. Qd2 Nb6 14. Bxb6 Qxb6+ 15. Kh1
Rfc8 16. Rac1 a5 17. Qd3 a4 18. Nd2 Rc5 19. c4 bxc4 20. Nxc4 Qb7 21. Ne3 Rac8 22.
Rxc5 Rxc5 23. Qa3 Nxd5 24. Nxd5 Qxd5 25. Qxa4 Qd2 26. Bc4 d5 27. Bb3 Qxb2 28. Qd7
Rc1 29. Qb5 Qa1 30. h3 Rxf1+ 31. Kh2 Rh1+ 32. Kg3 Qe1+ 33. Kg4 Qh4+ 34. Kf5 Qf4#
0-1

[Event "2024 British Rapidplay Championship"]
[Site "Holiday Inn Peterborough - West"]
[Date "2024.03.02"]
[Round "6.57"]
[White "Vashisht-Pigem, Raman"]
[Black "Kennedy, Aden"]
[Result "1/2-1/2"]
[WhiteFideId "469734"]
[BlackFideId "343401015"]
[WhiteElo "1990"]
[BlackElo "1639"]
[EventDate "2024.03.02"]

1. e4 g6 2. d4 Bg7 3. Nf3 c5 4. c3 cxd4 5. cxd4 d5 6. exd5 Nf6 7. Nc3 Nxd5 8. Bc4
Nxc3 9. bxc3 O-O 10. O-O Nc6 11. Bf4 Bg4 12. Re1 Rc8 13. Bb3 e5 14. dxe5 Qxd1 15.
Raxd1 Rfe8 16. Rd3 Bxf3 17. Rxf3 Nxe5 18. Bxe5 Rxe5 19. Rxe5 Bxe5 20. Rxf7 Rxc3 21.
Rxb7+ Kh8 22. g3 Bd4 23. Kf1 Rf3 24. Rb8+ Kg7 25. Rb7+ Kh8 26. Rf7 Rxf7 27. Bxf7
Kg7 28. Bd5 Kf6 29. Ke2 Ke5 30. Bg8 h6 31. f4+ Kf6 32. Kf3 g5 33. Ke4 Bg1 34. h3
Bh2 35. fxg5+ hxg5 36. Kf3 Bg1 37. Ke4 Bh2 38. Kf3 Bg1 39. a4 Kf5 40. a5 Bd4 41.
a6 Bb6 42. Bh7+ Kf6 43. Ke4 Bf2 44. Kf3 Bb6 45. Kg4 Bf2 46. Be4 Be1 47. Bf5 Bf2 48.
Kf3 Be1 49. Bd3 Ke5 50. Be4 Kf6 51. Bc6 Ke5 52. Bb5 Kf6 53. Kg4 Bf2 54. Bd3 Be1 55.
h4 gxh4 56. gxh4 Bd2 57. Bc4 Bc1 58. Kf3 Kg6 59. Kg4 Kh6 60. Bf7 Be3 61. Kf5 Bb6
62. Be8 Bf2 63. Kg4 Bb6 64. h5 Bc5 65. Kf5 Bb6 66. Ke6 Bc5 67. Kd7 Bb6 68. Bg6 Bc5
69. Ke6 Bb6 70. Kf7 Bc5 71. Kf6 Bb6 72. Bf7 Bc5 73. Ke6 Bb6 74. Kd5 Ba5 75. Kc6 Bb6
76. Kb5 Bd4 77. Bg6 Bb6 78. Kb4 Bd4 79. Kc4 Bb6 80. Kd3 Bc5 81. Ke2 Bb6 1/2-1/2

[Event "2024 British Rapidplay Championship"]
[Site "Holiday Inn Peterborough - West"]
[Date "2024.03.02"]
[Round "6.58"]
[White "Mitraka, Chrysa"]
[Black "Harvey, Alan"]
[Result "0-1"]
[WhiteFideId "2409968"]
[BlackFideId "445886"]
[WhiteElo "1612"]
[BlackElo "1996"]
[EventDate "2024.03.02"]

1. d4 d6 2. c4 e5 3. d5 f5 4. Nc3 Nf6 5. f3 g6 6. e4 Bg7 7. Be3 O-O 8. c5 fxe4 9.
fxe4 Ng4 10. Qd2 Nxe3 11. Qxe3 Nd7 12. cxd6 cxd6 13. Nf3 Nf6 14. h3 Nh5 15. Bd3 Nf4
16. O-O Bh6 17. Kh1 Kg7 18. Bc4 Nxg2 19. Qe2 Bxh3 20. Rf2 Nf4 21. Qc2 Bg4 22. Nh2
Qh4 23. Raf1 Bh3 24. Rg1 Nh5 25. Re2 Ng3+ 26. Rxg3 Qxg3 27. Qd1 Bg4 28. Nb5 Bxe2
29. Bxe2 Rf2 30. Qg1 Qxg1+ 31. Kxg1 Rxe2 32. Nxd6 Rxb2 33. a3 Rd8 34. Nc4 Ra2 35.
Nf3 Bf4 36. Na5 Rc8 37. Kf1 Rc1+ 38. Ne1 Bg3 39. Nb3 Rxe1# 0-1

[Event "2024 British Rapidplay Championship"]
[Site "Holiday Inn Peterborough - West"]
[Date "2024.03.02"]
[Round "6.59"]
[White "Markan, Sanket"]
[Black "Sagues, Vincent"]
[Result "1/2-1/2"]
[WhiteFideId "343442226"]
[BlackFideId "625680"]
[WhiteElo "1680"]
[BlackElo "1891"]
[EventDate "2024.03.02"]

1. d4 d5 2. c4 c6 3. Nf3 Nf6 4. Nc3 dxc4 5. a4 Bf5 6. e3 e6 7. Bxc4 Bb4 8. Qb3 Qb6
9. O-O O-O 10. Nh4 Bg6 11. Rd1 Bh5 12. f3 a5 13. g4 Bg6 14. Nxg6 hxg6 15. Na2 Na6
16. Bd2 Nd7 17. Nxb4 Nxb4 18. Bxb4 Qxb4 19. Bxe6 fxe6 20. Qxe6+ Rf7 21. d5 cxd5 22.
Rxd5 Qe7 23. Qxe7 Rxe7 24. Rad1 Nb6 25. Rd6 Nc4 26. Rxg6 Nxe3 27. Re1 Rae8 28. Rg5
Nc4 29. Rxe7 Rxe7 30. b3 Nd2 31. Rxa5 Nxb3 32. Rf5 Nd4 33. Rd5 Nxf3+ 34. Kf2 Nxh2
35. Rd4 Rf7+ 36. Kg3 Nf1+ 37. Kh4 Ne3 38. Kh5 Ng2 39. g5 g6+ 40. Kh6 Rh7+ 41. Kxg6
Nh4+ 42. Kf6 Rf7+ 43. Ke6 Nf3 44. Rd8+ Kg7 45. Rd7 Nxg5+ 46. Kd6 Ne4+ 47. Kc7 Rxd7+
48. Kxd7 Nc5+ 49. Kc7 Nxa4 50. Kxb7 1/2-1/2

[Event "2024 British Rapidplay Championship"]
[Site "Holiday Inn Peterborough - West"]
[Date "2024.03.02"]
[Round "6.60"]
[White "Bevis, Noah"]
[Black "McCarthy, Kevin C"]
[Result "1/2-1/2"]
[WhiteFideId "343434630"]
[BlackFideId "470775"]
[WhiteElo "1454"]
[BlackElo "1974"]
[EventDate "2024.03.02"]

1. e4 e6 2. d4 d5 3. exd5 exd5 4. Nf3 Bd6 5. Bd3 Nf6 6. Qe2+ Qe7 7. Qxe7+ Bxe7 8.
O-O O-O 9. Bf4 c6 10. Re1 Re8 11. Nbd2 Bg4 12. h3 Bh5 13. c3 Nbd7 14. Ne5 Nxe5 15.
Rxe5 Bg6 16. Bxg6 hxg6 17. Rae1 Bd6 18. Rxe8+ Rxe8 19. Rxe8+ Nxe8 20. Bxd6 Nxd6 21.
Kf1 f6 22. Ke2 Kf7 23. Kd3 Ke6 24. g4 Nf7 25. f4 g5 26. f5+ Kd6 27. c4 b6 28. b4
Kd7 29. c5 b5 30. Nf1 Nh8 31. Ng3 Ke7 32. Ke3 Kf7 33. Kf3 Kg8 34. Nh5 Kf7 35. Ng3
Kg8 36. Nf1 Kf7 37. Nd2 g6 38. Nb3 Ke7 39. Na5 Kd7 40. Nb7 gxf5 41. gxf5 Nf7 1/2-1/2

[Event "2024 British Rapidplay Championship"]
[Site "Holiday Inn Peterborough - West"]
[Date "2024.03.02"]
[Round "6.61"]
[White "Leung, Hao Ran"]
[Black "Amir, Zain"]
[Result "1-0"]
[WhiteFideId "6012620"]
[BlackFideId "473227"]
[WhiteElo "1865"]
[BlackElo "1689"]
[EventDate "2024.03.02"]

1. c4 e5 2. Nc3 Bc5 3. e3 Nc6 4. g3 d6 5. Bg2 Nf6 6. Nge2 Bg4 7. O-O O-O 8. h3 Bh5
9. a3 a5 10. g4 Bg6 11. d4 exd4 12. exd4 Bb6 13. Bg5 h5 14. Nd5 hxg4 15. Bxf6 gxf6
16. Nxb6 cxb6 17. hxg4 Qd7 18. Nf4 Rac8 19. Nd5 Qd8 20. Qd2 Kg7 21. f4 f5 22. g5
Ne7 23. Ne3 Nc6 24. d5 Nb8 25. Qd4+ f6 26. Bh3 Kf7 27. Nxf5 Bxf5 28. Bxf5 Rc5 29.
Qe4 Re8 30. Bg6+ Kf8 31. Bxe8 Qxe8 32. Qxe8+ Kxe8 33. Rae1+ Kf7 34. b3 b5 35. Re6
bxc4 36. Rxf6+ Kg7 37. Re1 Rc7 38. bxc4 Na6 39. f5 Nc5 40. Rxd6 Nd3 41. f6+ Kg6 42.
Re7 Rxc4 43. f7+ Kg7 44. Rg6+ Kf8 45. Rg8+ Kxe7 46. f8=Q+ Kd7 47. Rg7# 1-0

[Event "2024 British Rapidplay Championship"]
[Site "Holiday Inn Peterborough - West"]
[Date "2024.03.02"]
[Round "6.62"]
[White "Brocklehurst, Andrew"]
[Black "Bennet, Freddie"]
[Result "1-0"]
[WhiteFideId "424765"]
[BlackFideId "343437133"]
[WhiteElo "1896"]
[BlackElo "1460"]
[EventDate "2024.03.02"]

1. e4 c6 2. d4 d5 3. e5 c5 4. c3 cxd4 5. cxd4 Nc6 6. Nc3 a6 7. Nf3 Bg4 8. Be2 e6
9. Be3 Nge7 10. O-O Nf5 11. Qd2 Be7 12. h3 Bxf3 13. Bxf3 O-O 14. Bg4 Nxe3 15. fxe3
Bg5 16. Rf2 Rc8 17. Raf1 Qa5 18. Kh1 Rc7 19. Bxe6 Nd8 20. Bf5 g6 21. Bg4 Re7 22.
Bf3 Rd7 23. Qe1 h5 24. Qe2 Ne6 25. b4 Qxb4 26. Nxd5 Rxd5 27. Bxd5 Qe7 28. Qc4 Nd8
1-0

[Event "2024 British Rapidplay Championship"]
[Site "Holiday Inn Peterborough - West"]
[Date "2024.03.02"]
[Round "6.63"]
[White "Alizada, Eldar A"]
[Black "Keshari, Krish"]
[Result "1/2-1/2"]
[WhiteFideId "464104"]
[BlackFideId "496197"]
[WhiteElo "1975"]
[BlackElo "1666"]
[EventDate "2024.03.02"]

1. d4 d5 2. c4 e6 3. Nc3 Nf6 4. cxd5 exd5 5. Bg5 Be7 6. e3 c6 7. Bd3 O-O 8. Nge2
Nbd7 9. O-O Re8 10. Qc2 Nf8 11. f3 c5 12. Rfe1 cxd4 13. Nxd4 h6 14. Bh4 Ne6 15. Nf5
d4 16. Nxe7+ Qxe7 17. Nd5 Qd6 18. Nxf6+ gxf6 19. Bxf6 dxe3 20. Rxe3 Qb6 21. Qf2 Bd7
22. Kh1 Ng5 23. Bd4 Qd6 24. Rd1 Rxe3 25. Qxe3 Re8 26. Qf2 Bc6 27. f4 Ne4 28. Bxe4
Bxe4 29. Rc1 Rd8 30. Bc3 a6 31. h3 b5 32. a3 Rc8 33. Qh4 Qg6 34. Qf2 Qd6 35. Re1
Qg6 36. Re2 Rd8 37. Kh2 f5 38. Qc5 Qd6 39. Qf2 Qg6 40. Be5 Rd3 41. g4 fxg4 42. Re3
gxh3 43. Rg3 Rxg3 44. Qxg3 Qxg3+ 45. Kxg3 Bg2 46. f5 Kf7 47. Bc3 h5 48. Be5 Ke7 49.
Kh4 a5 50. Kxh5 Kf7 51. Kg4 a4 52. Kg3 Ke7 53. Kf2 Kf7 54. Kg3 1/2-1/2

[Event "2024 British Rapidplay Championship"]
[Site "Holiday Inn Peterborough - West"]
[Date "2024.03.02"]
[Round "6.64"]
[White "Barton, Ben"]
[Black "Hutchinson, Paul A"]
[Result "0-1"]
[WhiteFideId "343416993"]
[BlackFideId "411558"]
[WhiteElo "1671"]
[BlackElo "2064"]
[EventDate "2024.03.02"]

1. e4 d5 2. d4 dxe4 3. Nc3 Nf6 4. f3 exf3 5. Nxf3 c6 6. Bc4 Bf5 7. O-O e6 8. Ne5
Bg6 9. Bg5 Be7 10. Nxg6 hxg6 11. Qd3 Nbd7 12. Rad1 Qc7 13. Bf4 Bd6 14. Bxd6 Qxd6
15. g3 O-O-O 16. Ne4 Qe7 17. Rf3 Ne5 18. Qe2 Nxc4 19. Nxf6 Nxb2 20. Rb1 gxf6 21.
Rxb2 Qd6 22. c3 f5 23. Qc4 Rd7 24. Qa4 Kb8 25. Rf1 e5 26. dxe5 Qxe5 27. Qxc6 Rc7
28. Qg2 Rd8 29. Rfb1 Qe4 30. Qf2 Qc6 31. Qc2 Ka8 32. Qg2 Qxc3 33. Rxb7 Qe3+ 34. Kh1
Rxb7 35. Rxb7 Qc1+ 36. Qg1 Qxg1+ 37. Kxg1 Kxb7 38. Kg2 Rd2+ 39. Kh3 Rxa2 40. Kh4
f6 41. h3 Ra3 42. g4 g5+ 43. Kh5 Rxh3+ 44. Kg6 f4 45. Kf5 f3 46. Kg6 f2 47. Kg7 f1=Q
48. Kg6 Qd3+ 49. Kg7 Rh7 50. Kxf6 Qd8+ 51. Kg6 Qg8+ 52. Kf5 Rf7+ 53. Ke6 Qe8+ 54.
Kd6 Rf4 55. Kd5 Qd7+ 56. Kc5 Qc6# 0-1